Tribhuvan University Central Library

Bangladesh land forest and forest people (Record no. 21195)

MARC details
000 -LEADER
fixed length control field 006960000a22002770004500
082 ## - DEWEY DECIMAL CLASSIFICATION NUMBER
Classification number 634.9
Item number G127b
020 ## - INTERNATIONAL STANDARD BOOK NUMBER
International Standard Book Number 984-494-007-9
041 ## - LANGUAGE CODE
Language code of text/sound track or separate title Eng
100 ## - MAIN ENTRY--PERSONAL NAME
Personal name Gain, Philip, ed.
245 ## - TITLE STATEMENT
Title Bangladesh land forest and forest people
250 ## - EDITION STATEMENT
Edition statement 2nd ed.
260 ## - PUBLICATION, DISTRIBUTION, ETC. (IMPRINT)
Place of publication, distribution, etc Dhaka
Name of publisher, distributor, etc Society for Environment and Human Development (SEHO), BD
260 ## - PUBLICATION, DISTRIBUTION, ETC. (IMPRINT)
Date of publication, distribution, etc 1998
300 ## - PHYSICAL DESCRIPTION
Extent xii,186p.
Other physical details illus.
500 ## - GENERAL NOTE
General note Includes blbliographies
518 ## - DATE/TIME AND PLACE OF AN EVENT NOTE
Date/time and place of an event note 20000501
530 ## - ADDITIONAL PHYSICAL FORM AVAILABLE NOTE
Additional physical form available note M
650 ## - SUBJECT ADDED ENTRY--TOPICAL TERM
Topical term or geographic name as entry element Forestry
650 ## - SUBJECT ADDED ENTRY--TOPICAL TERM
Topical term or geographic name as entry element Forest land
650 ## - SUBJECT ADDED ENTRY--TOPICAL TERM
Topical term or geographic name as entry element Rural development
650 ## - SUBJECT ADDED ENTRY--TOPICAL TERM
Topical term or geographic name as entry element Forest management
650 ## - SUBJECT ADDED ENTRY--TOPICAL TERM
Topical term or geographic name as entry element Indigenous population
650 ## - SUBJECT ADDED ENTRY--TOPICAL TERM
Topical term or geographic name as entry element Fuels
651 ## - SUBJECT ADDED ENTRY--GEOGRAPHIC NAME
Geographic name Bangaladesh
942 ## - ADDED ENTRY ELEMENTS (KOHA)
Koha item type General Collections
Holdings
Withdrawn status Lost status Damaged status Not for loan Home library Current library Date acquired Total Checkouts Barcode Date last seen Price effective from
        Tribhuvan University Central Library Tribhuvan University Central Library 06/20/2010   G49959 06/20/2010 06/20/2010